000 00804nam a22002417a 4500
003 OSt
005 20150408114218.0
008 140515s2013 enka g b 001 0 eng d
020 _a9781137355836
040 _aMa-Un
082 0 4 _222
_a306.44
_bWCL
100 1 _aWilliams, Colin H.
_945136
245 1 0 _aLinguistic minorities in democratic context /
_cColin H. Williams.
260 _aBasingstoke :
_bPalgrave Macmillan,
_c2013.
300 _axii, 440 p. :
_bill., maps ;
_c23 cm.
490 1 _aLanguage and globalization
504 _aIncludes bibliographical references and index.
650 _aLinguistic minorities.
_945137
650 _aLanguage and languages
_xPolitical aspects
_945138
650 _aLanguage policy.
_97334
830 0 _aLanguage and globalization
_945139
942 _2ddc
_cBOOK
999 _c35084
_d269584